[Event "SBNRW NRW-KL Grp. 1 17/18"]
[Site "?"]
[Date "2018.04.08"]
[Round "8.4"]
[White "Kartsev, Alexander"]
[Black "Schienmann, Bruno"]
[Result "0-1"]
[WhiteElo "2158"]
[BlackElo "2263"]
[PlyCount "99"]
[WhiteTeam "SF Brackel 30"]
[BlackTeam "SG Niederkassel"]

1. e4 e6 2. d4 d5 3. e5 c5 4. c3 Nc6 5. Nf3 Bd7 6. Be2 Nge7 7. Na3 cxd4 8. cxd4
Nf5 9. Nc2 Qb6 10. O-O Nb4 11. Nxb4 Bxb4 12. g4 Nh6 13. h3 Ng8 14. a3 Bf8 15.
b4 h5 16. g5 Ne7 17. Nh4 g6 18. Qd3 a6 19. a4 Nf5 20. Nxf5 exf5 21. Bd2 Be7 22.
a5 Qe6 23. f4 O-O 24. Rfc1 {(=)} Bb5 25. Qf3 Rfc8 26. Qf1 Qd7 27. Kf2 Kg7 28.
Ke3 Kf8 29. h4 Ke8 30. Bd3 Ba4 31. Rxc8+ Rxc8 32. b5 Bxb5 33. Bxb5 axb5 34. Rb1
Rc4 35. Qe1 Qc6 36. Rb2 Kf8 37. Qb1 b4 38. Bxb4 Bxb4 39. Rxb4 Rc3+ 40. Kd2 Rh3
41. Rb3 Rh2+ 42. Ke3 Rxh4 43. Rd3 Qc4 44. Qf1 Rh2 45. Rd1 Qc3+ 46. Rd3 Qc2 47.
Kf3 Rh3+ 48. Qxh3 Qxd3+ 49. Kg2 Qxh3+ 50. Kxh3 0-1

[Event "SBNRW NRW-KL Grp. 1 17/18"]
[Site "?"]
[Date "2018.04.08"]
[Round "8.5"]
[White "Stanetzek, Carsten"]
[Black "Goldschmidt, Christian"]
[Result "1/2-1/2"]
[WhiteElo "2116"]
[BlackElo "2162"]
[PlyCount "87"]
[WhiteTeam "SG Niederkassel"]
[BlackTeam "SF Brackel 30"]

1. e4 e5 2. Nf3 Nc6 3. Bc4 Nf6 4. d3 Qe7 5. a4 d6 6. Nc3 h6 7. O-O g6 8. a5 a6
9. Be3 Bg7 10. Qd2 Ng4 11. Nd5 Qd8 12. c3 Ne7 13. b4 O-O 14. h3 Nxd5 15. Bxd5
Nxe3 16. Qxe3 c6 17. Bb3 Be6 18. Bxe6 fxe6 19. c4 Qc7 20. Rfb1 Kh7 21. Ra3 Rf7
22. Qd2 Rc8 23. Rab3 b5 24. axb6 Qxb6 25. Ra3 Ra8 26. Rba1 Bf6 27. Ra4 Bd8 28.
Qa2 Rfa7 29. c5 dxc5 30. Qxe6 cxb4 31. Rxa6 Rxa6 32. Rxa6 Rxa6 33. Qf7+ Kh8 34.
Nxe5 Ra1+ 35. Kh2 Bc7 36. Qf6+ Kg8 37. Qxg6+ Kh8 38. Qxh6+ Kg8 39. Qg5+ Kh7 40.
Qf5+ Kg8 41. Qe6+ Kh7 42. Qe7+ Kg8 43. Qe8+ Kh7 44. Qe7+ 1/2-1/2

[Event "SBNRW NRW-KL Grp. 1 17/18"]
[Site "?"]
[Date "2018.04.08"]
[Round "8.6"]
[White "Boehm, Juergen"]
[Black "Rybarczyk, Klaus"]
[Result "1-0"]
[WhiteElo "2172"]
[BlackElo "2128"]
[PlyCount "70"]
[WhiteTeam "SF Brackel 30"]
[BlackTeam "SG Niederkassel"]

1. d4 d6 2. e4 g6 3. Nc3 Bg7 4. f4 a6 5. Nf3 Nd7 6. Bd3 c5 7. Be3 Ngf6 8. h3
O-O 9. O-O b5 10. e5 Ne8 11. Be4 d5 12. Bxd5 Rb8 13. dxc5 Nc7 14. Bb3 Bb7 15.
Ng5 e6 16. Qd6 Ne8 17. Nxe6 Nxd6 18. Nxd8 Nf5 19. Nxb7 Nxe5 20. fxe5 Nxe3 21.
Rf3 Bxe5 22. Nd6 Bd4 23. Kh1 Bxc5 24. Nce4 Bxd6 25. Nxd6 Rb6 26. Nxf7 Nc4 27.
Raf1 Kg7 28. Bxc4 bxc4 29. b3 cxb3 30. cxb3 Rc6 31. Ne5 Rxf3 32. Rxf3 Rc2 33.
a4 g5 34. Kh2 h5 35. Rf7+ Kh6 1-0

[Event "SBNRW NRW-KL Grp. 1 17/18"]
[Site "?"]
[Date "2018.04.08"]
[Round "8.7"]
[White "Broehl, Stephan"]
[Black "Stemmler, Fabian"]
[Result "1-0"]
[WhiteElo "2101"]
[BlackElo "1938"]
[PlyCount "78"]
[WhiteTeam "SG Niederkassel"]
[BlackTeam "SF Brackel 30"]

1. e4 e5 2. Bc4 Nc6 3. Nc3 Nf6 4. d3 Bc5 5. f4 d6 6. Nf3 O-O 7. f5 Na5 8. a3
Nxc4 9. dxc4 h6 10. Qe2 c6 11. Be3 Qb6 12. Bxc5 Qxc5 13. O-O-O b5 14. cxb5 cxb5
15. Nd5 Bb7 16. Nxf6+ gxf6 17. Rd3 Rfc8 18. Rc3 Qb6 19. Rb3 Rc5 20. Ne1 Qc6 21.
Qh5 Kf8 22. Qxh6+ Ke7 23. Qd2 Qxe4 24. Nd3 Rc4 25. Rxb5 Qxg2 26. Rd1 Qxd2+ 27.
Rxd2 Be4 28. Nb4 Rg8 29. b3 Rg1+ 30. Kb2 Rc7 31. Re2 Ba8 32. Rf2 Rg2 33. Rxg2
Bxg2 34. Rb8 d5 35. h4 Rd7 36. h5 Be4 37. c4 d4 38. Nd5+ Kd6 39. Nxf6 Rc7 1-0

[Event "SBNRW NRW-KL Grp. 1 17/18"]
[Site "?"]
[Date "2018.04.08"]
[Round "8.8"]
[White "Fiebig, Thomas"]
[Black "Kneutgen, Alexander"]
[Result "1-0"]
[WhiteElo "2424"]
[BlackElo "1942"]
[PlyCount "95"]
[WhiteTeam "SF Brackel 30"]
[BlackTeam "SG Niederkassel"]

1. e4 e6 2. d4 d5 3. Nc3 Nf6 4. e5 Ng8 5. Be3 b6 6. Nh3 Qd7 7. Nf4 Ba6 8. Bxa6
Nxa6 9. Qe2 Nb4 10. a3 Nc6 11. O-O Nge7 12. b4 g6 13. Rad1 Bg7 14. Rfe1 O-O 15.
Nb1 f6 16. exf6 Rxf6 17. Nd3 Rf5 18. c3 Raf8 19. f4 g5 20. fxg5 e5 21. b5 Nd8
22. Nxe5 Bxe5 23. dxe5 Rxe5 24. Qd3 Nf7 25. Bd4 Rxe1+ 26. Rxe1 Ng6 27. Bf6 Qg4
28. Qxd5 Nf4 29. Qf3 Qxf3 30. gxf3 Nh3+ 31. Kh1 Nd6 32. a4 Re8 33. Rxe8+ Nxe8
34. Nd2 Nxf6 35. gxf6 Nf4 36. Ne4 h6 37. Kg1 Nd3 38. Kf1 Kf7 39. Ke2 Nb2 40.
Kd2 Nc4+ 41. Kd3 Ne5+ 42. Ke3 Ke6 43. Kf4 c6 44. bxc6 Nxc6 45. Kg4 Ne5+ 46. Kh5
Nxf3 47. Kxh6 Nxh2 48. Kg7 1-0

[Event "Düsseldorfer SK 2 - SF Brackel 1"]
[Site "NRW-Klasse. Gruppe 1 2017/201"]
[Date "2018.04.29"]
[Round "9.1"]
[White "Luft, Dennis"]
[Black "Harff, Marcel"]
[Result "1/2-1/2"]
[WhiteElo "2288"]
[BlackElo "2361"]
[PlyCount "54"]
[EventDate "2018.??.??"]
[WhiteTeam "SF Brackel 1"]
[BlackTeam "Düsseldorfer SK 2"]

1. e4 e6 2. d3 b6 3. g3 Bb7 4. Bg2 d5 5. Qe2 dxe4 6. Bxe4 Bxe4 7. dxe4 Nc6 8.
Nf3 Nd4 9. Nxd4 Qxd4 10. O-O Qd7 11. Nc3 a6 12. a4 Qc6 13. Rd1 Be7 14. e5 h5
15. Qe4 Qxe4 16. Nxe4 f5 17. Ng5 Bxg5 18. Bxg5 Nh6 19. Bxh6 Rxh6 20. h4 Rg6 21.
Kg2 Rg4 22. f4 Rg6 23. Rd3 Rd8 24. Rc3 Rd2+ 25. Kh3 Kd7 26. Rc4 Rh6 27. Ra3 a5
1/2-1/2

[Event "Düsseldorfer SK 2 - SF Brackel 1"]
[Site "NRW-Klasse. Gruppe 1 2017/201"]
[Date "2018.04.29"]
[Round "9.2"]
[White "Hainke, Guntram"]
[Black "Kartsev, Soel"]
[Result "1-0"]
[WhiteElo "2317"]
[BlackElo "2197"]
[PlyCount "123"]
[EventDate "2018.??.??"]
[WhiteTeam "Düsseldorfer SK 2"]
[BlackTeam "SF Brackel 1"]

1. d4 Nf6 2. c4 e6 3. Nc3 Bb4 4. e3 c5 5. Nge2 cxd4 6. exd4 O-O 7. a3 Be7 8.
Nf4 d5 9. cxd5 exd5 10. Bd3 Na6 11. O-O Nc7 12. Re1 Re8 13. Bc2 Bg4 14. f3 Bd7
15. Be3 Bd6 16. Qd2 Bc6 17. Bf2 Rxe1+ 18. Rxe1 Qf8 19. Bh4 Re8 20. Nd3 Nd7 21.
Bb3 h6 22. Bf2 g5 23. Ne2 Ne6 24. Nb4 Nf4 25. Nxf4 Bxf4 26. Qc3 Rxe1+ 27. Qxe1
Nf6 28. Nd3 Bc7 29. Ne5 Qd6 30. Bg3 Qe6 31. Bf2 Qd6 32. Qe3 Nh5 33. g3 Ng7 34.
Qd3 f6 35. Ng4 f5 36. Ne5 Qf6 37. Qc3 f4 38. g4 Bb6 39. Bc2 Ne6 40. Kg2 Nf8 41.
b4 a6 42. Bf5 Qd6 43. Bc8 Kg7 44. Qd3 Qf6 45. Qc2 Ng6 46. Bf5 Nxe5 47. dxe5 Qd8
48. Bh7 Be8 49. Bd3 Bxf2 50. Qxf2 d4 51. Qc2 Bc6 52. Qc5 Qd5 53. Qe7+ Qf7 54.
Qd6 Qa2+ 55. Kh3 Bxf3 56. Qf6+ Kg8 57. Qg6+ Kf8 58. Qxh6+ Ke8 59. Bg6+ Kd8 60.
Qf8+ Kd7 61. Qd6+ Kc8 62. Bf5+ 1-0

[Event "Düsseldorfer SK 2 - SF Brackel 1"]
[Site "NRW-Klasse. Gruppe 1 2017/201"]
[Date "2018.04.29"]
[Round "9.3"]
[White "Steinmetzer, Thomas"]
[Black "Reinke, Markus"]
[Result "0-1"]
[WhiteElo "2176"]
[BlackElo "2185"]
[PlyCount "80"]
[EventDate "2018.??.??"]
[WhiteTeam "SF Brackel 1"]
[BlackTeam "Düsseldorfer SK 2"]

1. e4 d5 2. exd5 Nf6 3. d4 Bg4 4. f3 Bf5 5. Bb5+ Nbd7 6. c4 e6 7. dxe6 Bxe6 8.
Ne2 c6 9. d5 Bxd5 10. cxd5 cxb5 11. Qd3 Bc5 12. Nbc3 O-O 13. Qxb5 Ne5 14. Bg5
a6 15. Qb3 Nd3+ 16. Kd2 Nf2 17. Rhf1 N6e4+ 18. Nxe4 Nxe4+ 19. fxe4 Qxg5+ 20.
Nf4 Rfe8 21. Rae1 Rac8 22. g3 Bd6 23. Kd1 b5 24. Qf3 Rc7 25. Nd3 Rec8 26. Rf2
f6 27. Ke2 Re8 28. Kf1 Rce7 29. Nf4 Bb4 30. Qb3 Bxe1 31. d6+ Rf7 32. d7 Ref8
33. Kxe1 Qc5 34. Ne6 Qc1+ 35. Ke2 Rxd7 36. Nxf8+ Kxf8 37. Qb4+ Ke8 38. Rf1 Qc2+
39. Kf3 Rd3+ 40. Kf4 Qc7+ 0-1

[Event "Düsseldorfer SK 2 - SF Brackel 1"]
[Site "NRW-Klasse. Gruppe 1 2017/201"]
[Date "2018.04.29"]
[Round "9.4"]
[White "Krause, Thomas"]
[Black "Goldschmidt, Christian"]
[Result "0-1"]
[WhiteElo "2122"]
[BlackElo "2167"]
[PlyCount "120"]
[EventDate "2018.??.??"]
[WhiteTeam "Düsseldorfer SK 2"]
[BlackTeam "SF Brackel 1"]

1. c4 e6 2. Nc3 d5 3. e3 Nf6 4. Nf3 c5 5. d4 a6 6. cxd5 exd5 7. Be2 Nc6 8. O-O
Bd6 9. dxc5 Bxc5 10. b3 O-O 11. Bb2 Ba7 12. Rc1 Re8 13. Re1 Bg4 14. h3 Bf5 15.
Bf1 Qd6 16. Ne2 Rxe3 17. Bxf6 Rd3 18. Rxc6 Qxc6 19. Qa1 Qxf6 20. Qxf6 gxf6 21.
Ng3 Rxf3 22. gxf3 Bg6 23. f4 Bc2 24. Re2 Rc8 25. Rd2 d4 26. Nh5 Bb1 27. Nxf6+
Kg7 28. Nh5+ Kg6 29. Ng3 Rc1 30. Kg2 f5 31. Bc4 b5 32. Bd3 Bxd3 33. Rxd3 Rc2
34. a4 Rc3 35. Rd2 Rxb3 36. axb5 Rxb5 37. Ne2 a5 38. Nxd4 Rd5 39. Nb3 Rxd2 40.
Nxd2 a4 41. Nb1 Bd4 42. Na3 Bb2 43. Nc2 a3 44. Nb4 Bc3 45. Na2 Bd2 46. Kf3 Kh5
47. Kg3 Ba5 48. Nc1 Bb4 49. Na2 Bd2 50. f3 Be1+ 51. Kg2 Kh4 52. Nc1 Bd2 53. Na2
Bxf4 54. Nc3 Bd2 55. Na2 Kg5 56. Kg3 Be1+ 57. Kg2 Kf4 58. Kf1 Bh4 59. Kg2 Ke3
60. Nb4 Kd2 0-1

[Event "Düsseldorfer SK 2 - SF Brackel 1"]
[Site "NRW-Klasse. Gruppe 1 2017/201"]
[Date "2018.04.29"]
[Round "9.5"]
[White "Boehm, Juergen"]
[Black "von Buenau, Heinrich"]
[Result "1/2-1/2"]
[WhiteElo "2172"]
[BlackElo "2171"]
[PlyCount "21"]
[EventDate "2018.??.??"]
[WhiteTeam "SF Brackel 1"]
[BlackTeam "Düsseldorfer SK 2"]

1. d4 e6 2. e4 d5 3. Nc3 Nc6 4. Nf3 Nf6 5. exd5 exd5 6. Bg5 Be7 7. Be2 O-O 8.
O-O Bf5 9. Re1 Ne4 10. Bxe7 Nxe7 11. Bd3 1/2-1/2

[Event "Düsseldorfer SK 2 - SF Brackel 1"]
[Site "NRW-Klasse. Gruppe 1 2017/201"]
[Date "2018.04.29"]
[Round "9.6"]
[White "Hoenig, Alexander"]
[Black "Korten, Lando"]
[Result "1/2-1/2"]
[WhiteElo "2155"]
[BlackElo "2075"]
[PlyCount "115"]
[EventDate "2018.??.??"]
[WhiteTeam "Düsseldorfer SK 2"]
[BlackTeam "SF Brackel 1"]

1. d4 Nf6 2. c4 g6 3. Nc3 Bg7 4. e4 d6 5. f3 O-O 6. Be3 Nbd7 7. Qd2 c5 8. Nge2
a6 9. Rd1 Qa5 10. b3 b5 11. Nd5 Nxd5 12. cxd5 Qxd2+ 13. Kxd2 Bb7 14. g3 Rac8
15. Bh3 cxd4 16. Nxd4 Rc7 17. Rc1 Rfc8 18. Rxc7 Rxc7 19. Rc1 Rxc1 20. Kxc1 Bxd4
21. Bxd4 Nf6 22. Kd2 Kf8 23. Kc3 Ke8 24. Kb4 Nd7 25. Ka5 Kd8 26. Bb6+ Ke8 27.
Bc7 Bc8 28. b4 f5 29. exf5 Ne5 30. Kb6 gxf5 31. f4 Nf3 32. Bf1 Nxh2 33. Be2 Ng4
34. Kc6 Nf6 35. Bb6 e6 36. dxe6 Bxe6 37. Kxd6 Bxa2 38. Bf3 Kf7 39. Bd4 Ne4+ 40.
Ke5 Nxg3 41. Bb7 Kg6 42. Bxa6 Bc4 43. Bc8 Bd3 44. Bf2 Ne2 45. Bd7 Nc1 46. Be8+
Kg7 47. Bd4 Ne2 48. Bb2 Kf8 49. Bd7 h5 50. Bxf5 Bxf5 51. Kxf5 h4 52. Kg4 h3 53.
Kxh3 Nxf4+ 54. Kg4 Nd5 55. Kf5 Ke8 56. Ke6 Nxb4 57. Bc3 Na2 58. Bd2 1/2-1/2

[Event "Düsseldorfer SK 2 - SF Brackel 1"]
[Site "NRW-Klasse. Gruppe 1 2017/201"]
[Date "2018.04.29"]
[Round "9.7"]
[White "Stemmler, Fabian"]
[Black "Mueller, Michael"]
[Result "0-1"]
[WhiteElo "1998"]
[BlackElo "2048"]
[Annotator "Daniel"]
[PlyCount "52"]
[EventDate "2018.??.??"]
[WhiteTeam "SF Brackel 1"]
[BlackTeam "Düsseldorfer SK 2"]

1. d4 e6 2. Bf4 Nf6 3. e3 d5 4. Nf3 Bd6 5. Bg3 O-O 6. Nbd2 c5 7. c3 Nc6 8. Bd3
Re8 9. Ne5 Bxe5 10. dxe5 Nd7 11. O-O Ndxe5 12. Bxe5 Nxe5 13. Bxh7+ Kxh7 14.
Qh5+ Kg8 15. Qxe5 Bd7 16. Rfd1 f6 17. Qh5 Qb6 18. e4 Bc6 19. e5 Qc7 20. exf6
gxf6 21. Nb3 b6 22. Rd3 Re7 23. Qh6 Rf8 24. Re1 Rh7 25. Qg6+ Rg7 26. Qh5 Qf7 {
ZÜ} 0-1

[Event "Düsseldorfer SK 2 - SF Brackel 1"]
[Site "NRW-Klasse. Gruppe 1 2017/201"]
[Date "2018.04.29"]
[Round "9.8"]
[White "Kaspar, Uwe"]
[Black "Knudsen, Simon"]
[Result "0-1"]
[WhiteElo "1841"]
[BlackElo "2122"]
[PlyCount "106"]
[EventDate "2018.??.??"]
[WhiteTeam "Düsseldorfer SK 2"]
[BlackTeam "SF Brackel 1"]

1. e4 c5 2. Nf3 d6 3. Bb5+ Nd7 4. O-O a6 5. Bd3 Ngf6 6. c3 Rg8 7. Bc2 g5 8. d4
g4 9. Nh4 e6 10. e5 dxe5 11. dxe5 Nd5 12. Nf5 Nxe5 13. Re1 f6 14. Ng3 Qe7 15.
Be4 Nb6 16. Qb3 Nbd7 17. Na3 h5 18. Nxh5 c4 19. Qa4 Rh8 20. Nf4 f5 21. Bxb7
Bxb7 22. Rxe5 Rh6 23. Nxc4 Kf7 24. Re1 Nc5 25. Ne5+ Kg8 26. Qc4 Qh4 27. Be3 Rc8
28. Neg6 Qxh2+ 29. Kf1 Rxg6 30. Ke2 Bd5 31. Nxd5 exd5 32. Qxd5+ Ne6 33. Qxf5
Qh7 34. Rh1 Qg7 35. Rad1 Rb8 36. b3 Rb5 37. Qd3 Qf7 38. c4 Rb7 39. Rh5 Re7 40.
Kf1 g3 41. Rf5 Rf6 42. Rxf6 Qxf6 43. f3 Rh7 44. Ke2 Rh2 45. Rg1 Bb4 46. Qc2 Kg7
47. Qc1 Qe5 48. Kf1 Kf7 49. c5 Bxc5 50. Bxc5 Nxc5 51. b4 Ne6 52. a4 Qd4 53. Qe1
Nf4 0-1

[Event "SV Erkenschwick 1 - Bielefelder SK 1"]
[Site "NRW-Klasse. Gruppe 1 2017/201"]
[Date "2018.04.29"]
[Round "9.1"]
[White "Forchert, Martin"]
[Black "Willemze, Thomas"]
[Result "1-0"]
[WhiteElo "2271"]
[BlackElo "2380"]
[PlyCount "77"]
[EventDate "2018.??.??"]
[WhiteTeam "Bielefelder SK 1"]
[BlackTeam "SV Erkenschwick 1"]

1. e4 c6 2. d4 d5 3. e5 Bf5 4. Be3 e6 5. Nd2 Nd7 6. Ngf3 Bg6 7. Be2 Ne7 8. Nh4
c5 9. c3 cxd4 10. cxd4 Nc6 11. Nxg6 hxg6 12. O-O Qb6 13. Qa4 a6 14. Rab1 Qa7
15. Nf3 Be7 16. Rfc1 Bd8 17. Qd1 Bb6 18. Qd2 g5 19. h3 f6 20. exf6 gxf6 21. b4
Rg8 22. a4 Ne7 23. a5 Bd8 24. Bd3 Nc8 25. Qe2 Nd6 26. Bxg5 Ke7 27. Re1 Nf8 28.
Bh6 b5 29. Bxf8+ Kxf8 30. Qxe6 Be7 31. Qxd5 Rd8 32. Re6 Nf7 33. Qc6 Rxd4 34.
Nxd4 Qxd4 35. Qe4 Qd8 36. Rxa6 Bd6 37. Ra8 Bb8 38. Qb7 Kg7 39. Rxb8 1-0

[Event "SV Erkenschwick 1 - Bielefelder SK 1"]
[Site "NRW-Klasse. Gruppe 1 2017/201"]
[Date "2018.04.29"]
[Round "9.2"]
[White "Jens, Jelmer"]
[Black "Gruen, Gerd-Peter"]
[Result "1-0"]
[WhiteElo "2442"]
[BlackElo "2226"]
[Annotator "Daniel"]
[PlyCount "79"]
[EventDate "2018.??.??"]
[WhiteTeam "SV Erkenschwick 1"]
[BlackTeam "Bielefelder SK 1"]

1. e4 e5 2. Nf3 Nf6 3. Nxe5 d6 4. Nf3 Nxe4 5. d4 d5 6. Bd3 Bd6 7. O-O O-O 8. c4
c6 9. Qc2 Na6 10. a3 Bf5 11. c5 Bb8 12. b4 Nc7 13. Nc3 Re8 14. Ne2 Ne6 15. Bb2
Bg6 16. Rae1 Bc7 17. a4 a6 18. Kh1 $11 f5 19. g3 Bh5 20. Nfg1 f4 21. f3 Nxg3+
22. hxg3 fxg3 23. Kg2 Qh4 24. Nh3 Ng5 25. Bf5 Rf8 26. Neg1 g6 27. Bd7 Rf6 28.
Bc1 Nxh3 29. Bxh3 Raf8 30. Qd3 g5 31. Re7 Bg6 32. Qe3 g4 33. Rxc7 gxf3+ 34.
Nxf3 Be4 35. Qg5+ Qxg5 36. Bxg5 Rxf3 37. Be6+ Kh8 38. Rxf3 Rxf3 39. Rc8+ Rf8+
40. Kxg3 1-0

[Event "SV Erkenschwick 1 - Bielefelder SK 1"]
[Site "NRW-Klasse. Gruppe 1 2017/201"]
[Date "2018.04.29"]
[Round "9.3"]
[White "Simon, Hans Christian"]
[Black "Erwich, Frank"]
[Result "1/2-1/2"]
[WhiteElo "2141"]
[BlackElo "2326"]
[PlyCount "84"]
[EventDate "2018.??.??"]
[WhiteTeam "Bielefelder SK 1"]
[BlackTeam "SV Erkenschwick 1"]

1. Nf3 Nf6 2. g3 b6 3. Bg2 Bb7 4. O-O g6 5. c4 Bg7 6. d4 O-O 7. d5 Ne4 8. Qc2
f5 9. Nbd2 Nd6 10. e4 c6 11. Re1 fxe4 12. Nxe4 Nxe4 13. Rxe4 cxd5 14. Rh4 Rf5
15. Nd4 Bxd4 16. Rxd4 Nc6 17. Bxd5+ Rxd5 18. Rxd5 Nb4 19. Qb3 Nxd5 20. cxd5 Qf8
21. Bf4 Qf5 22. Rd1 Rf8 23. Qd3 Qh5 24. Re1 Rf5 25. Qe2 Qxe2 26. Rxe2 g5 27. d6
exd6 28. Bxd6 Rd5 29. Bb4 a5 30. Bc3 Kf7 31. Rd2 a4 32. f4 gxf4 33. gxf4 Ke6
34. Rxd5 Kxd5 35. f5 Ke4 36. f6 Bd5 37. a3 Kf3 38. Kf1 Be6 39. Ke1 Ke3 40. Kd1
d5 41. h4 Kd3 42. Kc1 d4 1/2-1/2

[Event "SV Erkenschwick 1 - Bielefelder SK 1"]
[Site "NRW-Klasse. Gruppe 1 2017/201"]
[Date "2018.04.29"]
[Round "9.4"]
[White "Van Beek, Alexander"]
[Black "Goeßling, Guido"]
[Result "0-1"]
[WhiteElo "2245"]
[BlackElo "2135"]
[PlyCount "62"]
[EventDate "2018.??.??"]
[WhiteTeam "SV Erkenschwick 1"]
[BlackTeam "Bielefelder SK 1"]

1. e4 e5 2. Nf3 Nc6 3. Bc4 Bc5 4. O-O Nf6 5. d3 d6 6. c3 a6 7. Bb3 Ba7 8. Nbd2
O-O 9. h3 Ne7 10. Re1 Ng6 11. Nf1 c6 12. Ng3 h6 13. d4 Re8 14. Be3 exd4 15.
Nxd4 d5 16. exd5 Nxd5 17. Qh5 Re5 18. Ndf5 Bxf5 19. Nxf5 Qf6 20. Bc2 Rae8 21.
Bd2 Ndf4 22. Qf3 Re2 23. Rxe2 Rxe2 24. Be3 Rxc2 25. Qe4 Re2 26. Ng3 Rxb2 27.
Bxa7 b6 28. Rd1 Nxh3+ 29. Kh2 Nxf2 30. Qe8+ Kh7 31. Rd8 Ng4+ 0-1

[Event "SV Erkenschwick 1 - Bielefelder SK 1"]
[Site "NRW-Klasse. Gruppe 1 2017/201"]
[Date "2018.04.29"]
[Round "9.6"]
[White "Homs, Guust"]
[Black "Danielmeier, Ralf"]
[Result "1-0"]
[WhiteElo "2172"]
[BlackElo "2030"]
[PlyCount "41"]
[EventDate "2018.??.??"]
[WhiteTeam "SV Erkenschwick 1"]
[BlackTeam "Bielefelder SK 1"]

1. e4 d5 2. exd5 Qxd5 3. d4 Nc6 4. Nf3 Bg4 5. Be2 O-O-O 6. c3 e5 7. Be3 exd4 8.
cxd4 Bxf3 9. Bxf3 Qa5+ 10. Nc3 Nxd4 11. Bxd4 Nf6 12. Qb3 Rxd4 13. Qxb7+ Kd8 14.
O-O Qb6 15. Qa8+ Kd7 16. Rad1 Rd6 17. Rfe1 h5 18. Nd5 Rxd5 19. Rxd5+ Nxd5 20.
Qe8+ Kd6 21. Qd8+ 1-0

[Event "SV Erkenschwick 1 - Bielefelder SK 1"]
[Site "NRW-Klasse. Gruppe 1 2017/201"]
[Date "2018.04.29"]
[Round "9.7"]
[White "Ebert, Karsten"]
[Black "Krings, Christoph"]
[Result "1/2-1/2"]
[WhiteElo "1896"]
[BlackElo "2157"]
[PlyCount "34"]
[EventDate "2018.??.??"]
[WhiteTeam "Bielefelder SK 1"]
[BlackTeam "SV Erkenschwick 1"]

1. d4 e6 2. e4 d5 3. Nd2 dxe4 4. Nxe4 Nd7 5. Nf3 Ngf6 6. Bg5 Be7 7. Nxf6+ Bxf6
8. Bxf6 Qxf6 9. c3 O-O 10. Be2 b6 11. O-O Bb7 12. Nd2 e5 13. Bf3 Bxf3 14. Nxf3
e4 15. Nd2 Qc6 16. Qb3 Rae8 17. Rfe1 Nf6 1/2-1/2

[Event "SV Erkenschwick 1 - Bielefelder SK 1"]
[Site "NRW-Klasse. Gruppe 1 2017/201"]
[Date "2018.04.29"]
[Round "9.8"]
[White "Eggenstein, Frank"]
[Black "Bodenstein, Britta"]
[Result "1-0"]
[WhiteElo "1933"]
[BlackElo "1253"]
[PlyCount "69"]
[EventDate "2018.??.??"]
[WhiteTeam "SV Erkenschwick 1"]
[BlackTeam "Bielefelder SK 1"]

1. e4 e6 2. d4 d5 3. e5 c5 4. c3 Nc6 5. Nf3 Qb6 6. a3 cxd4 7. cxd4 Bd7 8. b4 a6
9. Bb2 Rc8 10. Be2 Nxb4 11. axb4 Bxb4+ 12. Nbd2 Bb5 13. Rc1 Bc4 14. O-O Qb5 15.
Qc2 Ne7 16. Nxc4 dxc4 17. Bxc4 Qd7 18. Qb3 Ba5 19. Ra1 Bd8 20. Bd3 O-O 21. Be4
Nd5 22. Nd2 f6 23. Nc4 b5 24. Nd6 Rb8 25. Bxd5 exd5 26. Qxd5+ Kh8 27. e6 Qe7
28. Nf5 Qc7 29. Rfc1 Qa7 30. Rc6 Be7 31. Rcxa6 Qc7 32. Rc1 Qb7 33. Qxb7 Rxb7
34. Nxe7 Rxe7 35. Ba3 1-0

[Event "SK Königsspringer Iserlohn 1 - Brühler "]
[Site "NRW-Klasse. Gruppe 1 2017/201"]
[Date "2018.04.29"]
[Round "9.1"]
[White "Loifenfeld, Jakov"]
[Black "Scheider, Julian"]
[Result "1/2-1/2"]
[WhiteElo "2408"]
[BlackElo "2301"]
[PlyCount "41"]
[EventDate "2018.??.??"]
[WhiteTeam "Brühler SK 1"]
[BlackTeam "SK Königsspringer Iserlohn 1"]

1. d4 Nf6 2. c4 c5 3. d5 b5 4. Nd2 bxc4 5. e4 e6 6. Bxc4 exd5 7. exd5 Be7 8.
Ne2 O-O 9. O-O d6 10. Re1 Nbd7 11. Nc3 Nb6 12. b3 Re8 13. Bb2 Bf8 14. Qf3 Bd7
15. Rxe8 Nxe8 16. Re1 Qf6 17. Qg3 Qg6 18. Qxg6 hxg6 19. Nde4 Nc7 20. Bc1 Re8
21. Kf1 1/2-1/2

[Event "SK Königsspringer Iserlohn 1 - Brühler "]
[Site "NRW-Klasse. Gruppe 1 2017/201"]
[Date "2018.04.29"]
[Round "9.2"]
[White "Eckardt, Joshua"]
[Black "Schiffer, Stefan"]
[Result "0-1"]
[WhiteElo "2218"]
[BlackElo "2212"]
[Annotator "Daniel"]
[PlyCount "66"]
[EventDate "2018.??.??"]
[WhiteTeam "SK Königsspringer Iserlohn 1"]
[BlackTeam "Brühler SK 1"]

1. d4 d5 2. c4 c6 3. Nf3 Nf6 4. Nc3 e6 5. g3 dxc4 6. Bg2 Nbd7 7. O-O b5 8. e4
Bb7 9. e5 Nd5 10. Ng5 h6 11. Nxe6 fxe6 12. Qh5+ Ke7 13. Bg5+ hxg5 14. Qxh8 Nxc3
15. bxc3 Nb6 16. Qh5 Nd5 17. Qxg5+ Kd7 18. Qd2 c5 19. a4 a6 20. Rfb1 Qb6 21.
axb5 axb5 22. Rxa8 Bxa8 23. dxc5 Bxc5 24. Rb2 Bc6 25. Rc2 Qa5 26. h4 Qc7 27.
Qg5 Kc8 28. Kh2 Qf7 29. Qd2 Qf5 30. Qe2 Kc7 31. Bh3 Qf7 32. Qg4 $11 Nxc3 33. f4
Qd7 0-1

[Event "SK Königsspringer Iserlohn 1 - Brühler "]
[Site "NRW-Klasse. Gruppe 1 2017/201"]
[Date "2018.04.29"]
[Round "9.3"]
[White "Keller, Thomas"]
[Black "Schmitz, Philipp"]
[Result "1/2-1/2"]
[WhiteElo "2198"]
[BlackElo "2173"]
[PlyCount "37"]
[EventDate "2018.??.??"]
[WhiteTeam "Brühler SK 1"]
[BlackTeam "SK Königsspringer Iserlohn 1"]

1. e4 c5 2. Nf3 d6 3. Bb5+ Bd7 4. Bxd7+ Qxd7 5. O-O Nf6 6. Qe2 e6 7. c3 Be7 8.
d4 cxd4 9. cxd4 d5 10. Ne5 Qc8 11. Nc3 dxe4 12. Bg5 O-O 13. Rac1 Qd8 14. Rfd1
Nbd7 15. Bxf6 Nxf6 16. Nxe4 Rc8 17. Rxc8 Qxc8 18. Nxf6+ Bxf6 19. Ng4 1/2-1/2

[Event "SK Königsspringer Iserlohn 1 - Brühler "]
[Site "NRW-Klasse. Gruppe 1 2017/201"]
[Date "2018.04.29"]
[Round "9.4"]
[White "Kramps, Rene"]
[Black "Schaefer, Juergen"]
[Result "1/2-1/2"]
[WhiteElo "2045"]
[BlackElo "2155"]
[PlyCount "25"]
[EventDate "2018.??.??"]
[WhiteTeam "SK Königsspringer Iserlohn 1"]
[BlackTeam "Brühler SK 1"]

1. e4 g6 2. Nc3 Bg7 3. f4 d6 4. Nf3 a6 5. Be2 Nd7 6. O-O b5 7. d3 Bb7 8. Qe1 c5
9. Kh1 b4 10. Nd1 d5 11. exd5 Ngf6 12. f5 Bxd5 13. Ne3 1/2-1/2

[Event "SK Königsspringer Iserlohn 1 - Brühler "]
[Site "NRW-Klasse. Gruppe 1 2017/201"]
[Date "2018.04.29"]
[Round "9.5"]
[White "Spilles, Matthias"]
[Black "Messarius, Juergen"]
[Result "0-1"]
[WhiteElo "2107"]
[BlackElo "2142"]
[Annotator "Daniel"]
[PlyCount "102"]
[EventDate "2018.??.??"]
[WhiteTeam "Brühler SK 1"]
[BlackTeam "SK Königsspringer Iserlohn 1"]

1. e4 c5 2. Nf3 Nc6 3. d4 cxd4 4. Nxd4 Nf6 5. Nc3 e5 6. Ndb5 d6 7. Bg5 a6 8.
Na3 b5 9. Nd5 Be7 10. Bxf6 Bxf6 11. c3 Bg5 12. Nc2 O-O 13. a4 bxa4 14. Rxa4 a5
15. Bc4 Rb8 16. Ra2 g6 17. O-O Be6 18. Nde3 Kg7 19. Qd3 Qd7 20. Rd1 Rfd8 21. g3
Bh3 22. b3 f5 23. Na3 f4 24. Nd5 Ne7 25. Nb5 Nc6 $11 26. Ndc7 Rb7 27. Nd5 h5
28. Kh1 Rf8 29. Rg1 f3 30. Raa1 h4 31. Ne3 Bxe3 32. Qxe3 Bg2+ 33. Rxg2 fxg2+
34. Kxg2 hxg3 35. fxg3 Rbb8 36. Rd1 Rf6 37. Qd3 Rbf8 38. Rd2 Rh8 39. h4 Qg4 40.
Qe2 Qd7 41. Qd1 Rd8 42. Be2 Na7 43. Na3 Qc6 44. Nc4 Nb5 45. Qc2 Rdf8 46. Nxa5
Rf2+ 47. Kh3 Qxc3 48. Qa2 Nd4 49. b4 Qe3 50. Nc4 Qxe4 51. Bf3 R2xf3 0-1